Colonias - Estadísticas

Estadísticas generales
  • Esta prueba ha sido intentada 4.700 veces
  • La puntuación promedio es 16 de 23
Estadísticas de respuestas
Colonia Fechas País % Correcto
Brasil 1532-1825 Portugal
100%
Filipinas 1565-1898 España
91%
Guatemala 1609-1821 España
89%
Hong Kong 1842-1997 Reino Unido
89%
Corea 1910-1945 Japón
87%
Haití 1697-1804 Francia
86%
Alaska 1784-1867 Rusia
85%
Congo 1908-1960 Bélgica
84%
Filipinas 1898-1946 Estados Unidos
78%
Surinam 1667-1975 Países Bajos
77%
Islandia 1380-1944 Dinamarca
74%
Virginia 1607-1776 Gran Bretaña
74%
Guam 1898- Estados Unidos
72%
Nueva Gales del Sur 1788-1901 Reino Unido
72%
Indias Orientales ----------- 1603-1949 Países Bajos
67%
Libia 1912-1947 Italia
66%
Macao 1557-1999 Portugal
63%
Camerún 1884-1919 Alemania
60%
Rodesia del Sur 1889-1953 Reino Unido
55%
Acadia 1604-1713 Francia
28%
Tokelau 1948- Nueva Zelanda
28%
Cartago 814-650 BC Fenicia (Tiro)
19%
San Bartolomé 1784-1878 Suecia
11%
No se encontraron pruebas coincidentes
Distribución de puntuación
Porcentaje de gente con cada puntuación
Porcentaje por número respondido
Historial de tus puntuaciones
No has intentado esta prueba.